• 首页
  • 本馆介绍
  • 公告通知
  • 最新文献
  • 馆藏检索
  • 电子资源
  • 读者导购
  • 参考咨询
  • 我的图书馆
  • 登录
  • 详细信息显示
  • 放入我的书架
  • 预约/预借图书
  • 作者相关作品
  • 分类相关作品
  • 丛书相关作品
  • 出版社相关作品

书目信息

  • 表格格式
  • 工作单格式
  • 卡片格式
题名:
双目立体视觉理论及应用
    
 
作者: 李荣华 著
分册:  
出版信息: 北京   科学出版社  2020
页数: 215页
开本: 24cm
丛书名:
单 册:
中图分类: TP242.6
科图分类:
主题词: 机器人视觉--立体视觉--研究
电子资源:
ISBN: 978-7-03-065568-4
000 01164nam0 2200253 450
001 2251680904
005 20220930142134.04
010    @a978-7-03-065568-4@dCNY99.00
100    @a20200911d2020 em y0chiy50 ea
101 0  @achi
102    @aCN@b110000
105    @aak az 000yy
200 1  @a双目立体视觉理论及应用@9shuang mu li ti shi jue li lun ji ying yong@f李荣华著
210    @a北京@c科学出版社@d2020
215    @a215页@c图,照片@d24cm
312    @a封面英文题名:Theory and application of binocular stereo vision
320    @a有书目(第213-215页)
330    @a本书介绍了双目立体视觉理论,结合视觉注意机制与机器学习,拓展了双目立体视觉理论在智能视觉领域中的应用前景。基于图像目标识别的关键技术,即图像预处理、图像分割和特征提取等技术,全书提出面向移动机器人目标跟踪的视觉注意模型、面向仿人眼颈机器人目标跟踪的视觉注意模型、机器人平台、空间非合作目标的位姿测量、基于双目视觉的种植牙辅助引导系统和双目视觉机械臂物流分拣系统等。
510 1  @aOry and application of binocular stereo vision@zeng
606 0  @a机器人视觉@x立体视觉@x研究
690    @aTP242.6@v5
701  0 @a李荣华@9li rong hua@4著
801  0 @aCN@b91MARC@c20200911
905    @aZUCC@dTP242.6@e11
    
    双目立体视觉理论及应用/李荣华著.-北京:科学出版社,2020
    215页:图,照片;24cm
    
    
    ISBN 978-7-03-065568-4:CNY99.00
    本书介绍了双目立体视觉理论,结合视觉注意机制与机器学习,拓展了双目立体视觉理论在智能视觉领域中的应用前景。基于图像目标识别的关键技术,即图像预处理、图像分割和特征提取等技术,全书提出面向移动机器人目标跟踪的视觉注意模型、面向仿人眼颈机器人目标跟踪的视觉注意模型、机器人平台、空间非合作目标的位姿测量、基于双目视觉的种植牙辅助引导系统和双目视觉机械臂物流分拣系统等。
●
相关链接 在五车中查询图书 在当当中查询图书 在豆瓣中查询图书


正题名:双目立体视觉理论及应用     索取号:TP242.6/11         预约/预借

序号 登录号 条形码 馆藏地/架位号 状态 备注
1 2000908600   2000908600   第三书库/ [索取号:TP242.6/11] 在馆    
2 2000908601   2000908601   第三书库/ [索取号:TP242.6/11] 在馆    
3 2000908602   2000908602   第三书库/ [索取号:TP242.6/11] 在馆    
山东省滨州职业学院图书馆 欢迎您!
大连网信软件有限公司© 版权所有